Movies Quiz

Random Movies or Grab Bag Quiz

Multi-Category Movie Blitz Quiz Stats

 Plays Quiz Updated Aug 28, 2015

Challenge
Share
Tweet
Embed
Score 0/30 Timer 04:00
2 Plays Today
Hint Answer % Correct
Four Letter TitleJaws
91.9%
Begins with PPatton
86%
Sequels with No NumbersThe Dark Knight
75.9%
Begins with PPet Sematary
74.9%
Vietnam MoviesPlatoon
73.2%
'The' + One WordThe Rock
68.9%
'The' + One WordThe Blob
68.9%
Four Letter TitleAntz
66%
8+ Oscar Nods but No WinsThe Elephant Man
65.2%
8+ Oscar Nods but No WinsTrue Grit
62.8%
Sequels with No NumbersAliens
59.5%
Vietnam MoviesApocalypse Now
59.2%
Four Letter TitleHeat
58.9%
Vietnam MoviesThe Deer Hunter
58.9%
8+ Oscar Nods but No WinsThe Color Purple
57.5%
Hint Answer % Correct
Sequels with No NumbersQuantum of Solace
53.8%
Four Letter TitleTRON
52.7%
Begins with PPompeii
51.4%
'The' + One WordThe Tourist
50.5%
Sequels with No NumbersNew Moon
50.5%
8+ Oscar Nods but No WinsGangs of New York
42.5%
Begins with PPaper Moon
41.1%
Sequels with No NumbersThe Color of Money
39%
Four Letter TitleRush
34.4%
Begins with PPapillon
33.6%
'The' + One WordThe Descent
24.6%
Vietnam MoviesComing Home
24%
'The' + One WordThe Player
16.9%
Vietnam MoviesCasualties of War
13.3%
8+ Oscar Nods but No WinsThe Turning Point
10.2%

You're not logged in!

Compare scores with friends on all Sporcle quizzes.
OR
Log In

You Might Also Like...

Show Comments

Extras

Top Quizzes Today


Score Distribution

Your Account Isn't Verified!

In order to create a playlist on Sporcle, you need to verify the email address you used during registration. Go to your Sporcle Settings to finish the process.

Report this User

Report this user for behavior that violates our Community Guidelines.

Details: